000
00297nam a2200097Ia 4500
005
20250424112859.0
008
250424s9999 xx 000 0 und d
300
_a
104 p. : ill. ; 29 cm.
650
_a
Architecture--Nigeria--Periodicals. Architecture--Developing countries--Periodicals.
942
_c
SR
999
_c
37673
_d
37673